000 00414nam a2200181Ia 4500
001 10510
005 20260306161837.0
008 260306t1958||||xx |||||||||||||| ||spa||
041 _aESP
082 _a940
_bS26
100 _aSartre, Jean-Paul
_eAUT
245 0 _aEl fantasma de Stalin
260 _c1958
300 _a147 páginas :
_c20 cm.
650 _aGEN
654 _aCHU
942 _cLIB
_dJUS
_fJUS
_2ddc
_n
999 _c10510
_d10510